SAT Words Click Quiz - N - Statistics

General Stats
  • This quiz has been taken 790 times
  • The average score is 13 of 15
Answer Stats
Hint Answer % Correct
Love of oneself Narcissism
95%
Death of body tissue Necrosis
93%
Passable for ships Navigable
90%
Calm and easygoing attitude Nonchalance
90%
Foster growth or development Nurture
90%
Wicked or villainous Nefarious
88%
Having no equal Nonpareil
86%
Relating to standard or typical behaviour Normative
84%
System of naming things Nomenclature
83%
Preference of indigenous culture; xenophobia Nativism
81%
Related to swimming Natatorial
79%
Disbelief in objective moral truths Nihilism
79%
New word or phrase Neologism
78%
Indistinct or vague Nebulous
71%
Harmful or injurious Nocuous
66%
No matching quizzes found
Score Distribution
Percent of People with Each Score
Percentile by Number Answered
Your Score History
You have not taken this quiz